| 000 | 01008cam a2200301 i 4500 | ||
|---|---|---|---|
| 999 |
_c200453562 _d71774 |
||
| 003 | TR-AnTOB | ||
| 005 | 20230712132637.0 | ||
| 007 | ta | ||
| 008 | 230712s1993 tu 000 0 tur d | ||
| 020 | _a9753460511 | ||
| 040 |
_aBGZ _beng _erda _cTR-AnTOB _dTR-AnTOB |
||
| 041 | 0 | _atur | |
| 050 | 4 |
_aKKX3770 _b.A4536 1993 |
|
| 090 |
_aKKX3770 _b.A4536 1993 |
||
| 100 | 1 |
_aAlkan, Ahmet Turan, _d1954- _eauthor _971790 |
|
| 245 | 1 | 0 |
_aİstiklâl mahkemeleri / _cA. Turan Alkan. |
| 264 | 1 |
_aİstanbul : _bAğaç Yayıncılık, _c1993. |
|
| 300 |
_a128 pages ; _c20 cm |
||
| 336 |
_atext _btxt _2rdacontent |
||
| 337 |
_aunmediated _bn _2rdamedia |
||
| 338 |
_avolume _bnc _2rdacarrier |
||
| 490 | 0 |
_aAlternatif Üniversite ; _v25 |
|
| 650 | 7 |
_aAskeri mahkemeler _zTürkiye _xTarih _2etuturkob _9103282 |
|
| 650 | 7 |
_aMahkeme idaresi ve sorgulaması _zTürkiye _xTarih _2etuturkob _9113209 |
|
| 651 | 7 |
_aTürkiye _xTarih _yKurtuluş Savaşı, 1918-1923 _2etuturkob _910811 |
|
| 942 |
_2lcc _cBK |
||